000 00642nam a2200241Ia 4500
003 GCL
008 140319s9999 xx 000 0 ara d
040 _aGCL /
_cGCL
082 0 4 _a649.1
_bهـ ع
100 1 _aابوالفتوح رضوان
245 1 0 _aعالم الطفل /
_cابوالفتوح رضوان
700 1 _aرمزى يسى
700 1 _aهوسلر، فيلبس
300 _a206 ص
490 _aالالف كتاب
_v0
650 0 4 _aالتعليم
650 0 4 _aالتربية
650 0 4 _aالمدرسة
650 0 4 _aالاطفال
650 0 4 _aالمنتبى
650 0 4 _aالمنزل
942 _2ddc
_cBK
999 _c45341
_d45341